[Event "Chigorin Memorial 27th"]
[Site "St Petersburg"]
[Date "2019.10.13"]
[Round "9"]
[White "Novikov, Kirill"]
[Black "Silich, Yahor"]
[Result "1-0"]
[WhiteElo "1950"]
[BlackElo "2131"]
[PlyCount "107"]
[EventDate "2019.10.05"]
[EventType "swiss"]
[EventRounds "9"]
[EventCountry "RUS"]
[SourceTitle "EXT 2021"]
[Source "ChessBase"]
[SourceDate "2020.10.23"]
[SourceVersion "1"]
[SourceVersionDate "2020.10.23"]
[SourceQuality "1"]

1. e4 c5 2. Nf3 Nc6 3. d4 cxd4 4. Nxd4 g6 5. Nc3 Bg7 6. Be3 Nf6 7. Nxc6 bxc6 8. e5 Ng4 9. Bd4 Qc7 10. f4 f6 11. exf6 Nxf6 12. Qd2 0-0 13. 0-0-0 Rb8 14. Bc4+ Kh8 15. Qe3 c5 16. Be5 d6 17. Nd5 Nxd5 18. Bxg7+ Kxg7 19. Bxd5 Rf6 20. Bf3 Rb4 21. Rhe1 e6 22. g3 d5 23. a3 Rb6 24. Qe5 Qxe5 25. Rxe5 Rf5 26. Rde1 c4 27. c3 Rf8 28. h4 h6 29. Bd1 Rd6 30. h5 d4 31. cxd4 Rxd4 32. hxg6 Kxg6 33. Bc2+ Kg7 34. Rc5 Kf6 35. Rc7 Rh8 36. Rxa7 h5 37. Rh1 h4 38. gxh4 Rxf4 39. h5 e5 40. h6 Bg4 41. Ra6+ Kf7 42. Bg6+ Ke7 43. h7 e4 44. Ra7+ Kf6 45. Rf7+ Kg5 46. Rg7 Be6 47. Bf7+ Kf6 48. Rg8 Rxh7 49. Rxh7 Bxf7 50. Rf8 Ke7 51. Rfxf7+ Rxf7 52. Rxf7+ Kxf7 53. Kd2 Ke6 54. Ke3 1-0

[Event "Chigorin Memorial 27th"]
[Site "St Petersburg"]
[Date "2019.10.11"]
[Round "7"]
[White "Novikov, Kirill"]
[Black "Kumargaliev, Marsel"]
[Result "1-0"]
[WhiteElo "1950"]
[BlackElo "2144"]
[PlyCount "127"]
[EventDate "2019.10.05"]
[EventType "swiss"]
[EventRounds "9"]
[EventCountry "RUS"]
[SourceTitle "EXT 2021"]
[Source "ChessBase"]
[SourceDate "2020.10.23"]
[SourceVersion "1"]
[SourceVersionDate "2020.10.23"]
[SourceQuality "1"]

1. e4 e5 2. Nf3 Nc6 3. Bc4 Bc5 4. c3 Nf6 5. d3 0-0 6. Bg5 h6 7. Bh4 Be7 8. Nbd2 d6 9. Bb3 Nh5 10. Bxe7 Qxe7 11. Nf1 g6 12. Ne3 Nf4 13. g3 Ne6 14. Qe2 a5 15. Bc2 b5 16. a4 Ba6 17. 0-0 Qd7 18. Nh4 Qd8 19. Nhg2 Nc5 20. f4 bxa4 21. f5 Kh7 22. Nd5 Rb8 23. Ra2 Ne7 24. Nf6+ Kg7 25. Ng4 Ng8 26. h4 h5 27. Nh2 d5 28. Qe3 d4 29. cxd4 Qxd4 30. Qxd4 exd4 31. Rd1 Rb4 32. Nf4 Rfb8 33. Rb1 a3 34. Rxa3 Rxb2 35. Rc1 Ne7 36. Rxa5 Bb5 37. Nf3 Nc6 38. Ra3 Nd7 39. fxg6 fxg6 40. Ne6+ Kh6 41. Nfxd4 Nxd4 42. Nxd4 Ne5 43. Nxb5 R8xb5 44. d4 Ng4 45. e5 R5b4 46. e6 Rb6 47. d5 Nf6 48. e7 Rb8 49. Ra6 Kg7 50. Ba4 Re2 51. Re6 Rxe6 52. dxe6 Ne8 53. Rf1 Nd6 54. Bc6 Rc8 55. Rf3 Rb8 56. Kf2 Rc8 57. Ke3 Nc4+ 58. Kd4 Nd6 59. Kc5 Rb8 60. Rf4 Rb6 61. Rf8 Rb7 62. Rf7+ Kg8 63. e8Q+ Nxe8 64. Bxe8 1-0

[Event "Chigorin Memorial 27th"]
[Site "St Petersburg"]
[Date "2019.10.10"]
[Round "6"]
[White "Volkov, Roman"]
[Black "Novikov, Kirill"]
[Result "1/2-1/2"]
[WhiteElo "2170"]
[BlackElo "1950"]
[PlyCount "78"]
[EventDate "2019.10.05"]
[EventType "swiss"]
[EventRounds "9"]
[EventCountry "RUS"]
[SourceTitle "EXT 2020"]
[Source "ChessBase"]
[SourceDate "2019.10.17"]
[SourceVersion "1"]
[SourceVersionDate "2019.10.17"]
[SourceQuality "1"]

1. e4 c5 2. Nf3 Nc6 3. d4 cxd4 4. Nxd4 Nf6 5. Nc3 e5 6. Ndb5 d6 7. Bg5 a6 8. Na3 b5 9. Bxf6 gxf6 10. Nd5 f5 11. g3 Bg7 12. Bg2 fxe4 13. Bxe4 Be6 14. Qh5 Rc8 15. c3 Ne7 16. Rd1 Nxd5 17. Bxd5 0-0 18. Nc2 Rc5 19. Ne3 Qd7 20. 0-0 f5 21. f4 e4 22. Rd2 Bxd5 23. Rxd5 Rxd5 24. Nxd5 a5 25. a3 Qe6 26. Rd1 Kh8 27. Qe2 Rb8 28. Rd2 h6 29. Qd1 b4 30. axb4 axb4 31. c4 e3 32. Re2 Qe4 33. Qc2 Qf3 34. Re1 e2 35. Qxe2 Bd4+ 36. Ne3 Qe4 37. Kf1 Bc5 38. Qg2 Qd3+ 39. Qe2 Qe4 1/2-1/2

[Event "Chigorin Memorial 27th"]
[Site "St Petersburg"]
[Date "2019.10.05"]
[Round "1"]
[White "Novikov, Kirill"]
[Black "Abdisalimov, Abdimalik"]
[Result "0-1"]
[WhiteElo "1950"]
[BlackElo "2409"]
[PlyCount "112"]
[EventDate "2019.10.05"]
[EventType "swiss"]
[EventRounds "9"]
[EventCountry "RUS"]
[SourceTitle "EXT 2020"]
[Source "ChessBase"]
[SourceDate "2019.10.17"]
[SourceVersion "1"]
[SourceVersionDate "2019.10.17"]
[SourceQuality "1"]

1. e4 c5 2. Nf3 d6 3. d4 cxd4 4. Nxd4 Nf6 5. Nc3 a6 6. Be3 e6 7. g3 b5 8. a3 Bb7 9. Bg2 Nbd7 10. 0-0 Qc7 11. f3 Ne5 12. Bf2 Nc4 13. Qc1 Rc8 14. Nce2 d5 15. exd5 Nxd5 16. c3 e5 17. Nb3 Be7 18. Rd1 f5 19. f4 e4 20. g4 fxg4 21. Bxe4 Nf6 22. Bxb7 Qxb7 23. Nbd4 0-0 24. Ne6 Rfe8 25. N2d4 Ne4 26. Qc2 Bf6 27. Re1 Bxd4 28. Nxd4 Rcd8 29. Re2 Nxf2 30. Kxf2 Qc7 31. Rae1 Qxf4+ 32. Kg1 Qf8 33. a4 Rb8 34. axb5 axb5 35. b3 Nd6 36. Rf1 Nf7 37. Ref2 Rb7 38. b4 Re5 39. Qa2 Qe8 40. Nf5 Re6 41. Qd5 Qd7 42. Qa2 Ra7 43. Qb3 g6 44. Nd4 Re7 45. Rf6 Kg7 46. Ne6+ Kh8 47. Rd1 Qe8 48. Rdf1 Ra6 49. Nc7 Rxc7 50. Rxa6 Qe3+ 51. Kg2 Qe4+ 52. Kg1 Ng5 53. Rf8+ Kg7 54. Qg8+ Kh6 55. Re8 Nh3+ 56. Kf1 Qf3+ 0-1

[Event "Voronezh op-B 23rd"]
[Site "Voronezh"]
[Date "2019.06.20"]
[Round "9"]
[White "Novikov, Kirill"]
[Black "Kiseleva, Arina"]
[Result "1/2-1/2"]
[WhiteElo "1890"]
[BlackElo "2049"]
[PlyCount "123"]
[EventDate "2019.06.12"]
[EventType "swiss"]
[EventRounds "9"]
[EventCountry "RUS"]
[SourceTitle "EXT 2020"]
[Source "ChessBase"]
[SourceDate "2019.10.17"]
[SourceVersion "1"]
[SourceVersionDate "2019.10.17"]
[SourceQuality "1"]

1. e4 c5 2. Nf3 d6 3. d4 cxd4 4. Nxd4 Nf6 5. Nc3 Nc6 6. Nde2 g6 7. g3 Bg7 8. Bg2 0-0 9. 0-0 a6 10. h3 Bd7 11. a3 b5 12. Nf4 Rc8 13. Ncd5 Nxd5 14. Nxd5 e6 15. Nb4 a5 16. Nxc6 Bxc6 17. c3 Qc7 18. Qb3 a4 19. Qc2 Qb7 20. Rd1 Rcd8 21. f4 f5 22. exf5 gxf5 23. Bxc6 Qxc6 24. Qg2 Qc4 25. Be3 Rd7 26. Rd2 Kh8 27. Rad1 d5 28. Bd4 Rg8 29. Re1 Bxd4+ 30. Rxd4 Qc6 31. Re3 Rdg7 32. Kh2 Qd7 33. Qe2 Rg6 34. Rf3 Qg7 35. Qf2 Rc8 36. Rb4 Qd7 37. Qb6 e5 38. Qxb5 Qxb5 39. Rxb5 e4 40. Rf2 Rd6 41. Kg2 Rc4 42. Re2 h5 43. Kf2 Kg7 44. Rd2 d4 45. cxd4 Rdxd4 46. Rxd4 Rxd4 47. Ke2 Kf6 48. g4 hxg4 49. hxg4 fxg4 50. Rb4 Rd6 51. Rxe4 Ra6 52. Kf2 Kf5 53. Rb4 Ra5 54. Kg3 Rd5 55. Rxa4 Rd3+ 56. Kf2 Rd2+ 57. Kg3 Rd3+ 58. Kf2 Rd2+ 59. Ke3 Rxb2 60. Ra5+ Kf6 61. a4 Rb3+ 62. Ke4 1/2-1/2

[Event "Voronezh op-B 23rd"]
[Site "Voronezh"]
[Date "2019.06.16"]
[Round "5"]
[White "Novikov, Kirill"]
[Black "Shaydullina, Sandugach"]
[Result "0-1"]
[WhiteElo "1890"]
[BlackElo "2128"]
[PlyCount "116"]
[EventDate "2019.06.12"]
[EventType "swiss"]
[EventRounds "9"]
[EventCountry "RUS"]
[SourceTitle "EXT 2020"]
[Source "ChessBase"]
[SourceDate "2019.10.17"]
[SourceVersion "1"]
[SourceVersionDate "2019.10.17"]
[SourceQuality "1"]

1. e4 c5 2. Nf3 d6 3. d4 cxd4 4. Nxd4 Nf6 5. Nc3 a6 6. g3 e5 7. Nde2 Be7 8. Bg2 0-0 9. 0-0 Be6 10. h3 b5 11. a3 Nbd7 12. Be3 Nb6 13. Bxb6 Qxb6 14. g4 h6 15. Ng3 Rfc8 16. Nf5 Bf8 17. Qf3 Nh7 18. Rfd1 Ng5 19. Qe3 Qd8 20. Qd2 Ra7 21. Rac1 Rac7 22. Ne3 Nh7 23. Ncd5 Rb7 24. c3 h5 25. Qe2 hxg4 26. hxg4 g6 27. Bf3 Bh6 28. Kg2 Bxd5 29. Rxd5 Ng5 30. Rdd1 Ne6 31. Qd2 Rd7 32. Rh1 Qg5 33. Rh2 Nf4+ 34. Kg3 Ne6 35. Rch1 Bg7 36. Qe2 Nf4 37. Qd1 d5 38. Qb3 d4 39. Rd1 Rcd8 40. Nc2 Ne6 41. Nb4 Nc5 42. Qc2 d3 43. Qd2 Qxd2 44. Rxd2 Bf6 45. Rh1 Bg5 46. Rdd1 d2 47. Rb1 Rd6 48. Rhd1 a5 49. Nc2 Rd3 50. Kg2 Ne6 51. Ne3 Bxe3 52. fxe3 Rxe3 53. Kf2 Red3 54. Be2 Rh3 55. Bf1 Rh4 56. Kg3 g5 57. Bxb5 Nc5 58. b4 Nxe4+ 0-1